Sanat - "Todella kaunis" - Zen Cafe - Statistics

Yleistilastot
  • Tätä visaa on pelattu 857 kertaa
  • Keskiarvotulos 161 / 214
Vastaustilastot
Sanat % Oikein
kaunis,
98%
todella
98%
Todella
98%
Olet
97%
vain
96%
viisas,
95%
viisas
95%
elät
94%
hetken
94%
kerran
94%
verran
94%
yhden
93%
Me
80%
ja
76%
minä
75%
Minä
75%
se
74%
Se
74%
sinä
70%
mitä
67%
kun
63%
tahansa.
61%
on
60%
toisillemme
60%
olla
59%
antaisimme
58%
sitä
57%
voisi
57%
yöt,
57%
en
55%
kysymättä
55%
ne
55%
sinussa
55%
unettomat
55%
sinuun
54%
syyn.
54%
aikaa
53%
hiljaisuuteen
53%
illat
53%
myyn.
53%
tärkeää
53%
aina
52%
kestäisimme
52%
korvata
52%
sekä
52%
silloin
52%
tarttuisin
52%
toisiltamme
52%
ostat
51%
tai
50%
ettei
49%
kohtaisimme
49%
pääse
49%
pelkäisi
49%
kukaan
48%
levottomat
48%
siis
48%
sinulta,
48%
häiritse
47%
Niin
47%
niin
47%
saisin
47%
käskemään.
46%
työt
44%
mitättömät
43%
turhan
41%
ajat,
37%
hapuilun
36%
kuin
33%
jos
32%
näkemään
26%
pystyn
26%
ihmeen
25%
pystyisimme
25%
tekemään,
25%
pystyt
22%
Ehtoja vastaavia visoja ei löytynyt
Tulosjakauma
Jokaisen tuloksen saaneiden osuus
Persentiili vastausten määrän mukaan
Tuloshistoriasi
Et ole pelannut tätä visaa